Peritajes de tránsito: curso para peritos de tránsito
Gardado en:
| Autor Principal: | |
|---|---|
| Outros autores: | |
| Formato: | Libro |
| Idioma: | Lingua castelá |
| Publicado: |
Ciudad de México, México
Limusa
1985
|
| Subjects: | |
| Tags: |
Engadir etiqueta
Sen Etiquetas, Sexa o primeiro en etiquetar este rexistro!
|
MARC
| LEADER | 00000nam a2200000 a 4500 | ||
|---|---|---|---|
| 001 | UCU2552 | ||
| 003 | CL-VaPUC | ||
| 005 | 20250228102607.0 | ||
| 008 | 960426e19850000MX |||||||||||||||||spa|d | ||
| 999 | |c 246817 |d 246815 | ||
| 040 | |c Pontificia Universidad Católica de Valparaíso | ||
| 082 | 0 | 4 | |a 343.094 SOD 1985 |2 21 |
| 100 | 0 | |a Sodi Pallares, Ernesto |e autor |9 358811 | |
| 245 | 1 | 0 | |a Peritajes de tránsito: curso para peritos de tránsito |
| 260 | 0 | 3 | |a Ciudad de México, México |b Limusa |c 1985 |
| 300 | |a 97 páginas | ||
| 583 | |a last modification |c 19960426 00:00:00 |k Rodrigo Vera | ||
| 650 | 0 | |a Violación de la ley |9 795850 | |
| 650 | 0 | |a Accidentes de tráfico |9 387030 | |
| 650 | 0 | |a Prevención de accidentes |9 262912 | |
| 650 | 7 | |a TRAFICO URBANO |2 CL-VaPUC |9 358817 | |
| 700 | 0 | |a Sotelo Regil, Luis F |e autor |9 358812 | |
| 942 | |c BK |2 ddc | ||
| 945 | |d 19960426 00:00:00 |a cmena | ||
| 952 | |0 0 |1 0 |2 ddc |4 0 |6 343_094000000000000_SOD_1985 |7 0 |8 A |9 262066 |a BIBING |b BIBING |d 2019-11-19 |i 1645137 |o 343.094 SOD 1985 |p 1645137 |r 2025-01-20 |t 1 |w 2019-11-19 |y BK |k TRA | ||